Product integration : with applications to differential equations /
Guardado en:
| Autor Principal: | |
|---|---|
| Otros Autores: | |
| Formato: | Libro |
| Idioma: | English |
| Publicado: |
Reading, Mass. :
Addison-Wesley, Advanced Book Program,
1979.
|
| Series: | Encyclopedia of mathematics and its applications ;
v. 10 |
| Materias: | |
| Etiquetas: |
Agregar Etiqueta
Sin Etiquetas, Sea el primero en etiquetar este registro!
|
| LEADER | 01084pam a2200265 a 4500 | ||
|---|---|---|---|
| 001 | MAT.inmabb002829 | ||
| 008 | 790816s1979####mau######b####001#0#eng## | ||
| 005 | 20111212155345.0 | ||
| 245 | 1 | 0 | |a Product integration : |b with applications to differential equations / |c John D. Dollard and Charles N. Friedman ; foreword by Felix E. Browder ; appendix by P. R. Masani. |
| 260 | |a Reading, Mass. : |b Addison-Wesley, Advanced Book Program, |c 1979. | ||
| 300 | |a xxii, 253 p. ; |c 25 cm. | ||
| 440 | 0 | |a Encyclopedia of mathematics and its applications ; |v v. 10 | |
| 504 | |a Bibliografía: p. 204-213. | ||
| 500 | |a Appendix 2: The place of multiplicative integration in modern analysis / by P. R. Masani (p. 215-248). | ||
| 510 | 4 | |a MR, |c 81e:34003 | |
| 020 | |a 0201135094 | ||
| 100 | 1 | |a Dollard, John D. | |
| 700 | 1 | |a Friedman, Charles N. | |
| 650 | 0 | |a Differential equations. | |
| 650 | 0 | |a Differential equations, Partial. | |
| 650 | 0 | |a Integral equations. | |
| 084 | |a 34-02 (34A12 81Q99) |2 msc2000 | ||
| 010 | |a 79020454 | ||
| 040 | |a DLC |c DLC |d DLC | ||
| 859 | |h 34 |i D665 |p A-5388 |b BIB. MATEMATICA | ||
